El control judicial de la constitucionalidad y el juicio de amparo en México (Record no. 87465)
[ view plain ]
| 000 -LEADER | |
|---|---|
| fixed length control field | 00690nam a22002057a 4500 |
| 005 - DATE AND TIME OF LATEST TRANSACTION | |
| control field | 20260417111939.0 |
| 008 - FIXED-LENGTH DATA ELEMENTS--GENERAL INFORMATION | |
| fixed length control field | 240624b mx |||||||| |||| 00| 0 spa d |
| 020 ## - INTERNATIONAL STANDARD BOOK NUMBER | |
| International Standard Book Number | 9786070938573 |
| 050 04 - LIBRARY OF CONGRESS CALL NUMBER | |
| Classification number | KGF2698 |
| Item number | S55 2021 |
| 100 1# - MAIN ENTRY--PERSONAL NAME | |
| Personal name | Silva Ramírez, Luciano |
| 245 10 - TITLE STATEMENT | |
| Title | El control judicial de la constitucionalidad y el juicio de amparo en México |
| Statement of responsibility, etc | / Luciano Silva Ramírez |
| 250 ## - EDITION STATEMENT | |
| Edition statement | 5a ed. |
| 260 ## - PUBLICATION, DISTRIBUTION, ETC. (IMPRINT) | |
| Place of publication, distribution, etc | Ciudad de México : |
| Name of publisher, distributor, etc | Porrúa, |
| Date of publication, distribution, etc | 2021 |
| 300 ## - PHYSICAL DESCRIPTION | |
| Extent | xxxii, 941 p. ; |
| Dimensions | 24 cm. |
| 504 ## - BIBLIOGRAPHY, ETC. NOTE | |
| Bibliography, etc | Bibliografía : p. 911-923 |
| 650 #4 - SUBJECT ADDED ENTRY--TOPICAL TERM | |
| Topical term or geographic name as entry element | Revisión judicial |
| Geographic subdivision | México |
| 650 #7 - SUBJECT ADDED ENTRY--TOPICAL TERM | |
| Source of heading or term | lemb |
| Topical term or geographic name as entry element | Recurso de amparo |
| Geographic subdivision | México |
| 700 1# - ADDED ENTRY--PERSONAL NAME | |
| Relator code | Fix Zamudio, Héctor, |
| Relator term | prologuista |
| 942 ## - ADDED ENTRY ELEMENTS (KOHA) | |
| Source of classification or shelving scheme | Biblioteca del Cogreso de los Estados Unidos |
| Koha item type | Libro |
| Estado de pérdida | Fuente de clasificación | Estado del daño | No para préstamo | Ubicación permanente | Ubicación actual | Apartado o colección | Fecha de adquisición | Fuente de adquisición | Edición | Área del conocimiento | Total Checkouts | Clasificación | Código de Barras | Date last seen | Número de copia | Costo por reposición | Tipo de recurso |
|---|---|---|---|---|---|---|---|---|---|---|---|---|---|---|---|---|---|
| Biblioteca del Cogreso de los Estados Unidos | Biblioteca de la Facultad de Derecho y Ciencias Sociales "Felipe J. Tena" | Biblioteca de la Facultad de Derecho y Ciencias Sociales "Felipe J. Tena" | General | 17/04/2026 | Unidad Académica | 1a ed. | Ciencias Sociales y Administrativas | KGF2698 S55 2021 | BFD000015557 | 17/04/2026 | 1 | 1250.00 | Libro | ||||
| Biblioteca del Cogreso de los Estados Unidos | Biblioteca de la Facultad de Derecho y Ciencias Sociales "Felipe J. Tena" | Biblioteca de la Facultad de Derecho y Ciencias Sociales "Felipe J. Tena" | General | 17/04/2026 | Unidad Académica | 1a ed. | Ciencias Sociales y Administrativas | KGF2698 S55 2021 | BFD000015558 | 17/04/2026 | 2 | 1250.00 | Libro |